000 00867cam a2200241 a 4500
001 000003960
005 20200929150636.0
008 910528s1993 ag 001 f spa
020 _a9501513106
040 _aDO-SdBNP
_cDLC
_dDLC
_dOCoLC
041 1 7 _aspa
_aeng
_2Código de idioma MARC
082 _a813.54
_bA425p
100 1 _aAllen, Charlotte Vale,
_d1941-
_911902
245 1 0 _aPagaras tu culpa /
_cCharlotte Vale Allen ; Tradución, Aníbal Leal.
260 _aBuenos Aires :
_bJavier Vergara,
_c1993.
300 _a615 p. ;
_c23 cm.
500 _aTres generaciones de mujeres de excepcional coraje en una historia dramática e inolvidable.
534 _aTítulo original: Leftover Dreams.
650 4 _aNovela estadounidense
_9262
650 4 _aLiteratura estadounidense
_9263
700 1 _aLeal, Aníbal
_etr.
_94573
910 _aCatalogación por copia / LC
999 _c3779
_d3779